[Event "AUTO-ADV-3835"]
[Site "http://www.queenalice.com/game.php?id=1498815"]
[Date "2017.10.13"]
[Round "2"]
[White "juany"]
[Black "miltonloviski"]
[Result "1-0"]
[WhiteElo "1821"]
[BlackElo "1999"]

1. e4 e5 2. Nf3 Qf6 3. Bc4 h6 4. Nc3 c6 5. O-O d6 6. d4 Bg4 7. dxe5 dxe5 8. Be2
Nd7 9. Be3 O-O-O 10. Qe1 Bc5 11. Rd1 Bb6 12. Bxb6 Nxb6 13. h3 Bh5 14. Rxd8+ Kxd8
15. Qd2+ Kc7 16. Rd1 Ne7 17. a4 Bxf3 18. Bxf3 Ng6 19. a5 Nc4 20. Qd7+ Kb8 21. b4
Qe6 22. Bh5 Rf8 23. Qxe6 fxe6 24. Bxg6 Kc7 25. Bh5 Rf6 26. Be2 Nd6 27. f3 a6 28.
Na4 Rf8 29. c4 g5 30. c5 Nb5 31. Bxb5 axb5 32. Nb6 Rf7 33. Rd6 Re7 34. g4 Kb8
35. Rd8+ Kc7 36. Rc8# 1-0

[Event "AUTO-ADV-3835"]
[Site "http://www.queenalice.com/game.php?id=1498816"]
[Date "2017.10.13"]
[Round "2"]
[White "miltonloviski"]
[Black "akleetch"]
[Result "1-0"]
[WhiteElo "1966"]
[BlackElo "1872"]

1. e4 e5 2. Nf3 Nc6 3. a3 a6 4. d4 Qe7 5. Nc3 Nf6 6. d5 Nd8 7. Bc4 c6 8. Ng5 h6
9. Nf3 d6 10. h3 b5 11. Bd3 c5 12. b3 Nb7 13. Qe2 Qc7 14. O-O Na5 15. Qe3 c4 16.
bxc4 bxc4 17. Be2 Nb7 18. Nd2 Na5 19. Rb1 Be7 20. Rb4 Rb8 21. Rxb8 Qxb8 22. Nxc4
Nxc4 23. Bxc4 Nh5 24. Qe2 Nf4 25. Bxf4 exf4 26. Bxa6 Bxa6 27. Qxa6 O-O 28. Rb1
Qd8 29. Ne2 g5 30. Nd4 Bf6 31. Nf5 Bg7 32. Nxd6 Be5 33. Nf5 f6 34. Nxh6+ Kh7 35.
Ng4 Bd4 36. Qe6 Kg6 37. Qf5+ Kg7 38. Rb7+ Rf7 39. Rxf7+ Kxf7 40. e5 Qxd5 41.
Qxf6+ Ke8 42. Qxg5 Kf7 43. Qxf4+ Ke6 44. Qf6+ Kd7 45. Qd6+ Qxd6 46. exd6 Kxd6
47. Ne3 Kc5 48. Kf1 Kb5 49. h4 Ka4 50. c4 Kxa3 51. Ke2 Kb4 52. h5 Kc5 53. Kd3
Kd6 54. Kxd4 1-0

[Event "AUTO-ADV-3835"]
[Site "http://www.queenalice.com/game.php?id=1498817"]
[Date "2017.10.13"]
[Round "2"]
[White "akleetch"]
[Black "miltonloviski"]
[Result "1-0"]
[WhiteElo "1848"]
[BlackElo "1986"]

1. e4 e5 2. Nc3 c6 3. Nf3 Qf6 4. Bc4 h6 5. O-O Bc5 6. a3 a6 7. d3 d6 8. h3 g5 9.
Be3 g4 10. Nh2 gxh3 11. g3 h5 12. Bxc5 dxc5 13. Qe1 h4 14. g4 Nh6 15. f3 Qg5 16.
Qe2 Qf4 17. Qf2 Qg3+ 18. Kh1 Nd7 19. Ne2 Qxf2 20. Rxf2 Nf8 21. Ng1 Ng6 22. Nxh3
Nf4 23. Nxf4 exf4 24. b4 cxb4 25. axb4 Be6 26. g5 Ng8 27. Ng4 Bxc4 28. dxc4
O-O-O 29. Ne5 Rh7 30. b5 cxb5 31. cxb5 axb5 32. g6 fxg6 33. Nxg6 Kc7 34. Nxf4
Rd6 35. Nd5+ Kc6 36. f4 h3 37. f5 Nf6 38. Nc3 Nh5 39. e5 Rd4 40. e6 Nf6 41. Rb1
b4 42. Na2 Kc5 43. c3 bxc3 44. Nxc3 Ng4 45. Rf3 h2 46. f6 Nxf6 47. Rxf6 Rg7 48.
Rf7 Rg3 49. Ne2 Rg1+ 50. Nxg1 1-0

[Event "AUTO-ADV-3872"]
[Site "http://www.queenalice.com/game.php?id=1507254"]
[Date "2017.12.9"]
[Round "2"]
[White "marcoswerneck"]
[Black "miltonloviski"]
[Result "0-1"]
[WhiteElo "1877"]
[BlackElo "1978"]

1. e4 e5 2. d3 Nc6 3. a3 a6 4. Nf3 h6 5. Nc3 Bc5 6. Be2 d6 7. O-O Bg4 8. b4 Ba7
9. b5 axb5 10. Nxb5 Bd7 11. Nxa7 Nxa7 12. Bb2 Ne7 13. Nh4 g5 14. Nf5 Bxf5 15.
exf5 Nxf5 16. c4 f6 17. Bh5+ Ke7 18. Bg4 Ng7 19. d4 f5 20. Be2 Rf8 21. dxe5 Ne6
22. Re1 Nc6 23. exd6+ Qxd6 24. Qc1 Rae8 25. a4 Na5 26. Ba3 c5 27. Rd1 Qc6 28.
Qc3 b6 29. Bf3 Qc7 30. Re1 Qf4 31. Bd5 Rf6 32. Rxe6+ Rxe6 33. Bxe6 Kxe6 34. Re1+
Kf7 35. Rxe8 Kxe8 36. Qh8+ Kd7 37. Qg7+ Kc6 38. Qxh6+ Kb7 39. Qg7+ Ka6 40. g3
Qxc4 41. Qxg5 Qxa4 42. Bc1 Qd1+ 43. Kg2 Nb3 44. Be3 Qd3 45. Qg8 Qe4+ 46. Kg1 c4
47. Qc8+ Kb5 48. Qb8 Qe6 49. h4 Nc5 50. Qa8 c3 51. Qa1 Qb3 52. h5 c2 53. h6 Qb1+
54. Qxb1+ cxb1=Q+ 0-1

[Event "AUTO-ADV-3872"]
[Site "http://www.queenalice.com/game.php?id=1507255"]
[Date "2017.12.9"]
[Round "2"]
[White "miltonloviski"]
[Black "marcoswerneck"]
[Result "1-0"]
[WhiteElo "1929"]
[BlackElo "1943"]

1. e4 e5 2. Nf3 d6 3. a3 h6 4. Bc4 a6 5. d4 Bg4 6. dxe5 Nc6 7. exd6 Bxd6 8. O-O
Qe7 9. Qd3 O-O-O 10. Qe3 Bxf3 11. Qxf3 Be5 12. Qxf7 Qd6 13. c3 Bxh2+ 14. Kh1 Nf6
15. Qe6+ Kb8 16. Qxd6 Bxd6 17. Nd2 g5 18. f3 Nh5 19. Rd1 Nf4 20. Nb3 h5 21. Bxf4
Bxf4 22. Nd4 Ne5 23. Be2 g4 24. Ne6 Rxd1+ 25. Rxd1 Kc8 26. Nxf4 g3 27. Rd5 Nc6
28. Rxh5 Rg8 29. Kg1 b5 30. Bxb5 axb5 31. Rxb5 Rd8 32. Rd5 Rxd5 33. exd5 Na5 34.
Ne2 Nc4 35. Nxg3 Nxb2 36. Ne4 Nc4 37. a4 Kd7 38. g4 Ke7 39. Kf2 Ne5 40. a5 Nc4
41. a6 Kf7 42. a7 Nb6 43. c4 Ke7 44. c5 Na8 45. Ke3 1-0

[Event "AUTO-ADV-3872"]
[Site "http://www.queenalice.com/game.php?id=1507258"]
[Date "2017.12.9"]
[Round "2"]
[White "MariusLola"]
[Black "miltonloviski"]
[Result "0-1"]
[WhiteElo "1863"]
[BlackElo "1973"]

1. d4 d5 2. c4 dxc4 3. e4 e6 4. Qa4+ Nc6 5. Qxc4 Qxd4 6. Nc3 Qxc4 7. Bxc4 Nd4 8.
Bd3 Bb4 9. Bd2 c5 10. O-O-O Nf6 11. f3 O-O 12. Nce2 Bxd2+ 13. Rxd2 e5 14. g3 Be6
15. Kb1 Rfd8 16. h4 c4 17. Bc2 b5 18. a3 a5 19. Bd1 b4 20. Ba4 bxa3 21. bxa3
Rab8+ 22. Rb2 Nb3 23. Nc3 Nd2+ 24. Ka1 Rxb2 25. Kxb2 Nf1 26. Nge2 Ne3 27. g4
Nfxg4 28. fxg4 Bxg4 29. Rg1 Bxe2 30. Nxe2 Rd2+ 31. Kc3 Rxe2 0-1

[Event "AUTO-ADV-3872"]
[Site "http://www.queenalice.com/game.php?id=1507259"]
[Date "2017.12.9"]
[Round "2"]
[White "miltonloviski"]
[Black "MariusLola"]
[Result "1-0"]
[WhiteElo "2011"]
[BlackElo "1861"]

1. e4 e5 2. Nf3 Nc6 3. Bb5 Nf6 4. Nc3 Nd4 5. Nxe5 b6 6. Bd3 Bb7 7. Nf3 Qe7 8.
Nxd4 O-O-O 9. O-O h5 10. f4 d5 11. Nf5 Qd7 12. exd5 Nxd5 13. Ng3 g6 14. Nxd5
Qxd5 15. Be4 Qd4+ 16. Kh1 Bxe4 17. Nxe4 Qxe4 18. d3 Qd4 19. Qf3 Kb8 20. Re1 Bc5
21. Rd1 Rhe8 22. c3 Qf6 23. d4 Bd6 24. Rf1 Qh4 25. g3 Qf6 26. Bd2 Rd7 27. Rae1
Rde7 28. Rxe7 Rxe7 29. Kg2 Qf5 30. Qd1 Qe4+ 31. Kf2 f5 32. Re1 Qd5 33. Rxe7 Bxe7
34. b3 Qe4 35. Be3 a5 36. a4 Qc6 37. c4 Bb4 38. d5 Qd6 39. Bd4 Bc5 40. h3 Qf6
41. Bxc5 bxc5 42. Qd2 Qd4+ 43. Qxd4 cxd4 44. Ke2 Kb7 45. Kd3 c5 46. dxc6+ Kxc6
47. Kxd4 Kd6 48. h4 Kc6 49. c5 Kd7 50. Kd5 Kc7 51. c6 Kc8 52. Kd6 Kd8 53. Ke6
Kc7 54. Kf6 Kxc6 55. Kxg6 1-0

[Event "AUTO-ADV-3872"]
[Site "http://www.queenalice.com/game.php?id=1507262"]
[Date "2017.12.9"]
[Round "2"]
[White "miltonloviski"]
[Black "Redtom"]
[Result "0-1"]
[WhiteElo "1968"]
[BlackElo "2050"]

1. e4 d5 2. exd5 Nf6 3. c4 e6 4. dxe6 Bxe6 5. d4 Bb4+ 6. Nc3 Qe7 7. Qe2 O-O 8.
a3 Bxc3+ 9. bxc3 Re8 10. Be3 Bg4 11. Qd3 Nc6 12. Kd2 Rad8 13. f3 Bh5 14. Nh3 Bg6
15. Qe2 Ne5 16. Nf4 Nxc4+ 17. Qxc4 Qxe3+ 18. Kd1 Qe1# 0-1

[Event "AUTO-ADV-3872"]
[Site "http://www.queenalice.com/game.php?id=1507263"]
[Date "2017.12.9"]
[Round "2"]
[White "Redtom"]
[Black "miltonloviski"]
[Result "0-1"]
[WhiteElo "2082"]
[BlackElo "1946"]

1. e4 e5 2. Nc3 Nc6 3. f4 exf4 4. Nf3 h6 5. d4 g5 6. Bc4 Bg7 7. O-O d6 8. Re1
Bg4 9. Bb5 a6 10. Bxc6+ bxc6 11. b3 c5 12. Bb2 Bxd4+ 13. Kh1 Nf6 14. Na4 Bxb2
15. Nxb2 O-O 16. Nc4 Re8 17. Qd3 Bxf3 18. Qxf3 Qd7 19. Rad1 Rad8 20. e5 Nh7 21.
Qh5 Kg7 22. Qf3 Re6 23. exd6 cxd6 24. Ne5 Qe7 25. Nd3 Nf6 26. Rxe6 fxe6 27. Re1
e5 28. Qc6 e4 29. Qxa6 Rd7 30. a4 exd3 31. Rxe7+ Rxe7 32. Qa5 dxc2 33. Qd2 Re2
34. Qc1 Ne4 0-1

[Event "AUTO-ADV-3831"]
[Site "http://www.queenalice.com/game.php?id=1511385"]
[Date "2018.1.11"]
[Round "2"]
[White "niclep"]
[Black "miltonloviski"]
[Result "1-0"]
[WhiteElo "2110"]
[BlackElo "1977"]

1. e4 e5 2. a3 Nc6 3. Nc3 h6 4. Nf3 Bc5 5. Na4 Bd6 6. b4 Nf6 7. d3 a6 8. c4 Nd4
9. Be2 b5 10. Nc3 c5 11. Rb1 Bb7 12. O-O cxb4 13. axb4 bxc4 14. dxc4 Bxe4 15.
Nxe4 Nxe4 16. Nxd4 exd4 17. Qxd4 Qe7 18. Qxg7 Be5 19. Qg4 Nf6 20. Qf3 Rb8 21.
Bd2 h5 22. Rfe1 Kf8 23. Bd3 Qd6 24. g3 h4 25. Rxe5 hxg3 26. hxg3 Qxe5 27. Bf4
Qh5 28. Qxh5 Rxh5 29. Bxb8 Ke7 30. Ra1 1-0

[Event "AUTO-ADV-3831"]
[Site "http://www.queenalice.com/game.php?id=1511386"]
[Date "2018.1.11"]
[Round "2"]
[White "miltonloviski"]
[Black "niclep"]
[Result "1-0"]
[WhiteElo "1990"]
[BlackElo "2123"]

1. e4 e5 2. Nf3 Nc6 3. a3 a6 4. d4 exd4 5. Nxd4 Ne5 6. Nc3 h6 7. Nf3 Ng6 8. h3
b5 9. Bd3 d6 10. O-O c5 11. Nd5 Bb7 12. c4 Be7 13. cxb5 Bxd5 14. exd5 a5 15. a4
Ne5 16. Nxe5 dxe5 17. Bc4 Nf6 18. Re1 Qd6 19. Qe2 Nd7 20. Ra3 O-O 21. Rg3 Kh8
22. b3 Bh4 23. Rg4 Bf6 24. f4 Rae8 25. f5 Re7 26. Re4 Rfe8 27. Qh5 Nf8 28. g4
Nh7 29. h4 g6 30. fxg6 fxg6 31. Qxg6 Nf8 32. Qxh6+ Rh7 33. Qe3 Bxh4 34. Re2 Ng6
35. Bb2 Bf6 36. Bc3 Nf4 37. Rxf4 Bg5 38. Rf8+ Kg7 39. Qxg5+ Kxf8 40. Bxe5 Qd7
41. Rf2+ Rf7 42. Qg7+ Ke7 43. Rxf7+ 1-0

[Event "AUTO-ADV-3830"]
[Site "http://www.queenalice.com/game.php?id=1515231"]
[Date "2018.2.8"]
[Round "3"]
[White "chessman"]
[Black "miltonloviski"]
[Result "0-1"]
[WhiteElo "1991"]
[BlackElo "2039"]

1. e4 e5 2. Nf3 Nc6 3. d4 d6 4. Bb5 exd4 5. Nxd4 Bd7 6. O-O g6 7. Nc3 Bg7 8.
Bxc6 bxc6 9. Be3 Ne7 10. f3 O-O 11. Qd2 Qb8 12. Rab1 c5 13. Nb3 a5 14. Nxc5 Bxc3
15. bxc3 Qc8 16. Nxd7 Qxd7 17. Rb7 Qc6 18. Rfb1 f5 19. exf5 Nxf5 20. Bd4 Qc4 21.
R1b2 Nxd4 22. Qxd4 Qe6 23. Qd3 Qe1+ 24. Qf1 Qxc3 25. Qd3 Qxd3 26. cxd3 Rfc8 27.
Kf2 Kf7 28. h3 Ke6 29. Ke2 h5 30. Ke3 d5 31. g3 Ra6 32. R7b5 c5 33. Rb6+ Rc6 34.
Rxc6+ Rxc6 35. f4 Kf5 36. Kf3 c4 37. dxc4 dxc4 38. g4+ hxg4+ 39. hxg4+ Kf6 40.
Rc2 Ke6 41. Ke3 Kd5 42. f5 gxf5 43. g5 a4 44. Kf4 Kd4 45. Kxf5 c3 46. g6 Kd3 47.
Rc1 Kd2 48. g7 Rc8 0-1

[Event "AUTO-ADV-3830"]
[Site "http://www.queenalice.com/game.php?id=1515232"]
[Date "2018.2.8"]
[Round "3"]
[White "miltonloviski"]
[Black "chessman"]
[Result "1-0"]
[WhiteElo "2053"]
[BlackElo "1948"]

1. e4 e6 2. Nf3 d5 3. exd5 exd5 4. d4 Nf6 5. h3 Be7 6. Be2 O-O 7. O-O c6 8. Nc3
Nbd7 9. Bd3 Re8 10. Re1 Nf8 11. Bg5 Ng6 12. Ne2 Be6 13. Nf4 Nxf4 14. Bxf4 h6 15.
Ne5 a6 16. g4 c5 17. dxc5 Bxc5 18. g5 hxg5 19. Bxg5 Bxf2+ 20. Kxf2 Ne4+ 21. Bxe4
Qxg5 22. Bg2 Bxh3 23. Bxh3 Rxe5 24. Rxe5 Qxe5 25. c3 Re8 26. Qf3 d4 27. Rd1 dxc3
28. bxc3 Qh2+ 29. Bg2 Qh4+ 30. Kg1 b5 31. Rf1 Qc4 32. Rf2 Qe6 33. Bf1 Qg6+ 34.
Rg2 Qb6+ 35. Kh1 Re6 36. Rh2 Qc6 37. Qxc6 Rxc6 38. Rh3 g6 39. Rd3 Kg7 40. Bg2
Re6 41. Bf3 g5 42. Kg2 f5 43. Kg3 Kf6 44. Bd1 Kg6 45. Bb3 Rc6 46. a4 bxa4 47.
Bxa4 Rb6 48. c4 Rb4 49. Bb3 a5 50. Rc3 a4 51. Ba2 Kf6 52. c5 Ke7 53. c6 Kd8 54.
c7+ Kc8 55. Be6+ 1-0

[Event "AUTO-OPEN-3828"]
[Site "http://www.queenalice.com/game.php?id=1525074"]
[Date "2018.4.26"]
[Round "2"]
[White "rfdc"]
[Black "miltonloviski"]
[Result "0-1"]
[WhiteElo "1796"]
[BlackElo "2023"]

1. d4 d5 2. e3 Nc6 3. Nf3 Bg4 4. Be2 Nf6 5. h3 Bh5 6. a3 h6 7. Nbd2 g5 8. b4 a6
9. Bb2 Bg6 10. Ne5 Nxe5 11. dxe5 Ng8 12. Bh5 Bg7 13. Rb1 c6 14. e6 Bxb2 15. Rxb2
Qd6 16. Bxg6 fxg6 17. Qg4 Nf6 18. Qd4 Qxe6 19. Nf3 O-O 20. Qd3 Kg7 21. Nd4 Qd6
22. O-O g4 23. h4 e5 24. Ne2 e4 25. Qd4 Kh7 26. c4 Rad8 27. Rd2 Nh5 28. cxd5
cxd5 29. Qa7 Qe7 0-1

[Event "AUTO-OPEN-3828"]
[Site "http://www.queenalice.com/game.php?id=1525075"]
[Date "2018.4.26"]
[Round "2"]
[White "miltonloviski"]
[Black "rfdc"]
[Result "1-0"]
[WhiteElo "2030"]
[BlackElo "1789"]

1. e4 e5 2. Nf3 d6 3. Bc4 h6 4. d3 Nc6 5. a3 Nf6 6. h3 Bd7 7. O-O Be7 8. b4 a6
9. Bb2 O-O 10. Nh2 b5 11. Ba2 Qc8 12. f4 Be6 13. f5 Bxa2 14. Rxa2 Nh7 15. Nd2
Qb7 16. Ndf3 Qa7+ 17. Kh1 Ng5 18. Bc1 Nd4 19. Nxg5 hxg5 20. Qh5 f6 21. Be3 Qb8
22. Ng4 Qe8 23. Qxe8 Rfxe8 24. c3 Nc6 25. g3 a5 26. Rc2 a4 27. c4 Nd4 28. Bxd4
exd4 29. cxb5 Ra7 30. Rc4 1-0

[Event "AUTO-OPEN-3828"]
[Site "http://www.queenalice.com/game.php?id=1525084"]
[Date "2018.4.26"]
[Round "2"]
[White "Haso"]
[Black "miltonloviski"]
[Result "1-0"]
[WhiteElo "2290"]
[BlackElo "2003"]

1. e4 e5 2. Nf3 Nc6 3. Bc4 h6 4. d4 exd4 5. O-O Bc5 6. c3 dxc3 7. Bxf7+ Kxf7 8.
Qd5+ Ke8 9. Qxc5 d6 10. Qxc3 Qf6 11. Qa3 Nge7 12. b4 Be6 13. Bb2 Qf7 14. b5 Nd8
15. Nbd2 Bd7 16. Rfe1 Bxb5 17. e5 d5 18. Nd4 Bc6 19. e6 Qf4 20. N2f3 Rg8 21. Ne5
Rf8 22. Re2 Rf6 23. g3 Qg5 24. Rae1 Nxe6 25. Nef3 1-0

[Event "AUTO-OPEN-3828"]
[Site "http://www.queenalice.com/game.php?id=1525085"]
[Date "2018.4.26"]
[Round "2"]
[White "miltonloviski"]
[Black "Haso"]
[Result "0-1"]
[WhiteElo "2008"]
[BlackElo "2286"]

1. e4 c5 2. Nf3 d6 3. a3 Nf6 4. Nc3 Nc6 5. d4 cxd4 6. Nxd4 g6 7. Bb5 Bd7 8. Bxc6
bxc6 9. O-O Bg7 10. Be3 O-O 11. f3 Qc7 12. Qd2 a5 13. Rab1 e5 14. Nde2 Be6 15.
Rfd1 d5 16. exd5 cxd5 17. Bg5 d4 18. Bxf6 dxc3 19. Nxc3 Bxf6 20. Ne4 Be7 21. c3
f5 22. Ng5 Qb6+ 23. Kf1 Bc4+ 0-1

[Event "AUTO-OPEN-3828"]
[Site "http://www.queenalice.com/game.php?id=1525092"]
[Date "2018.4.26"]
[Round "2"]
[White "miltonloviski"]
[Black "Aguinaldo"]
[Result "0-1"]
[WhiteElo "2065"]
[BlackElo "1922"]

1. e4 e5 2. Nf3 d6 3. Bc4 h6 4. d3 Bg4 5. h3 Bh5 6. g4 Bg6 7. Nc3 Nc6 8. Be3 Na5
9. Bb3 Nxb3 10. cxb3 c6 11. Nh2 Nf6 12. f4 exf4 13. Bxf4 Be7 14. Qf3 h5 15.
O-O-O Qc7 16. g5 Nh7 17. h4 O-O-O 18. Kb1 f5 19. exf5 Bxf5 20. Bxd6 Bxd3+ 21.
Rxd3 Bxd6 22. Nf1 g6 23. Nd2 Rhf8 24. Qe4 Qg7 25. Qe6+ Kc7 26. Nc4 Rfe8 27. Qh3
Qd7 28. Qxd7+ Rxd7 29. Rhd1 Re6 30. b4 Nf8 31. b5 Bb4 32. bxc6 Rxd3 0-1

[Event "AUTO-OPEN-3828"]
[Site "http://www.queenalice.com/game.php?id=1525093"]
[Date "2018.4.26"]
[Round "2"]
[White "Aguinaldo"]
[Black "miltonloviski"]
[Result "1-0"]
[WhiteElo "1944"]
[BlackElo "2043"]

1. e4 e5 2. Nf3 Nc6 3. Bb5 Qf6 4. d3 h6 5. Nc3 Nge7 6. Bxc6 dxc6 7. d4 Bg4 8.
dxe5 Qe6 9. Bf4 Ng6 10. Bg3 Nxe5 11. Bxe5 Bxf3 12. Qxf3 Qxe5 13. O-O-O f6 14.
Qe3 Bd6 15. g3 b6 16. f4 Qe6 17. f5 Qe7 18. a3 O-O-O 19. Rd3 Rde8 20. Re1 Be5
21. h3 Rd8 22. Rxd8+ Rxd8 23. Kb1 Bd4 24. Qf3 Qc5 25. Na4 Qa5 26. Nc3 b5 27. e5
Bxe5 28. Qxc6 a6 29. Qa8+ Kd7 30. Rd1+ Bd6 31. Qd5 Kc8 32. Qe6+ Kb7 33. Qd5+ 1-0

[Event "Challenge"]
[Site "http://www.queenalice.com/game.php?id=1544847"]
[Date "2018.10.4"]
[Round "-"]
[White "miltonloviski"]
[Black "Haso"]
[Result "0-1"]
[WhiteElo "1994"]
[BlackElo "2295"]

1. e4 c5 2. Nf3 d6 3. Bb5+ Nd7 4. Bxd7+ Bxd7 5. O-O Nf6 6. Re1 g6 7. Nc3 Bg7 8.
d3 O-O 9. h3 b5 10. a3 Bc6 11. Bg5 h6 12. Be3 a5 13. Qc1 Kh7 14. Nh2 Nh5 15. Ng4
f5 16. exf5 gxf5 17. Nh2 Rg8 18. Ne2 Bxb2 19. Qxb2 Rxg2+ 20. Kf1 Rxh2 21. Ng3
Qg8 22. Nxh5 Bf3 23. Ng3 Rh1+ 0-1

[Event "Challenge"]
[Site "http://www.queenalice.com/game.php?id=1544848"]
[Date "2018.10.4"]
[Round "-"]
[White "Haso"]
[Black "miltonloviski"]
[Result "1-0"]
[WhiteElo "2292"]
[BlackElo "1998"]

1. e4 e5 2. Nf3 Nc6 3. Bb5 Qf6 4. Nc3 Nge7 5. O-O a6 6. Ba4 b5 7. Bb3 h6 8. Re1
Bb7 9. Nd5 Nxd5 10. exd5 Na5 11. d4 O-O-O 12. dxe5 Qb6 13. d6 Nxb3 14. cxb3 cxd6
15. Be3 Qc7 16. a4 b4 17. a5 Bxf3 18. gxf3 Qb7 19. exd6 Kb8 20. Rc1 Rc8 21.
Rxc8+ Qxc8 22. Qd4 Qb7 23. Rc1 h5 24. Qe5 1-0